| 000 | 00523nam a2200145 4500 | ||
|---|---|---|---|
| 001 | 148787 | ||
| 003 | ES-MaACL | ||
| 007 | t| | ||
| 008 | 070214q1942 sp r ||||1| lat d | ||
| 100 | 1 |
_aSuárez, Francisco. _9108560 |
|
| 245 | 1 | 0 |
_aMetaphysicarum disputationum in quibus et universa naturalis theologia ordinate traditur... / _cFrancisco Suárez. _n, . Disputationes secunda et tertia. |
| 260 |
_aSigüenza : _b[s. n., _c1942?] ( _fTalls. Tip. Box) |
||
| 300 |
_a119 p. ; _c22 cm. |
||
| 852 |
_aES-MaACL _jC-8739 _bR.36703 |
||
| 999 |
_c148787 _d148787 |
||